| 000 | 00878nam a2200253Ia 4500 | ||
|---|---|---|---|
| 003 | OSt | ||
| 005 | 20221005112054.0 | ||
| 006 | a|||||r|||| 00| 0 | ||
| 007 | ta | ||
| 008 | 221004b |||||||| |||| 00| 0 hin d | ||
| 024 | _a4939 | ||
| 037 |
_bGift, 29/06/2013, _cTextual |
||
| 040 |
_aCRL _cCRL _bhin |
||
| 041 |
_2hin _ahin |
||
| 082 | _aO152,3:g(Y15), L7 | ||
| 100 | _aरस्तोगी, शैल | ||
| 245 | 0 | _aहिन्दी उपन्यासों में नारी | |
| 246 | _aHindī upanyāsoan mean nārī | ||
| 260 |
_aसाहिबाबाद _bविभू प्रकाशन भारत _c1977 |
||
| 300 |
_a334पृ0 _ccm. |
||
| 650 | _aहिन्दी साहित्य | ||
| 942 |
_hO152,3:g(Y15), L7 _cTEXL _2cc |
||
| 999 |
_c1023742 _d1023742 |
||